00411 2200157 4500001002100000008004100021035002000062245004800082100002000130260002500150300002200175020002200197084001400219082000800233990001200241INLIS000000000002829 IND  a0010-0925000176 aPesan Abadi Sang Buah HaticEdelweis Almira aEdelweis Almira aJakartabZettuc2013 a204c(13 x 19 cm) a978-602-7735-66-8 a813 EDE p a813 a0755051